000 01316nam a2200325Ia 4500
005 20240530110949.0
008 140319s2008 xx 000 0 ara d
020 _a9775307635
040 _aGCL /
_cGCL
082 0 4 _a923.1 /
_bم ا
100 1 _aمؤمن المحمدى
245 1 0 _aانجال الزعماء :
_bاسرار الحب والمال فى بيوت الحكماء العرب /
_cتاليف مؤمن المحمدى
260 _aالقاهرة :
_bكنوز للنشر والتوزيع،
_c2008
300 _a329 ص ؛
_c24 سم
650 0 4 _aالزعماء
650 0 4 _aجيهان السادات
650 0 4 _aجمال السادات
650 0 4 _aعبدالحكيم عامر
650 0 4 _aالنساء - الحياة السياسية
653 _aابناء الرئيس جمال عبد الناصر
653 _aابناء الرئيس حافظ الاسد
653 _aابناء الشيخ زايد
653 _aابناء الرئيس صدام حسين
653 _aابناء الملك عبد الله
653 _aابناء الرئيس محمد حسنى مبارك
653 _aابناء الرئيس محمد نجيب
653 _aابناء العقيد معمر القذافى
942 _2ddc
_cBK
999 _c66964
_d66964